00641nam a2200181 i 450000100060000000300090000600500170001500700030003200800410003510000310007624500520010726000720015930000250023165000340025685200320029099900170032295201200033951068ES-MaACL20230906162306.0t|030808s1927 fr ||||1| fre d1 aChantraine, Pierre.93798810aHistoire du parfait grec / cPierre Chantraine. aParis : bHonoré Champion, c1927 (eMaçon : fProtat Frères) aX, 264 p. ; c26 cm.04aLengua griega-xVerbo.914253 aES-MaACLjB-10536 bR.21733 c51068d51068 00104070aATENEOMbATENEOMcSPBd2008-01-17eSCl0oB-10536p1053702r2023-02-23 00:00:00w2023-02-23yMONOGRAFIA